Movies Quiz

Random Movies or Clickable Quiz

5-Star Movie Villains II Quiz Stats

 Plays Quiz Updated Jun 26, 2017

Support Sporcle.
Go Orange.
Score 0/30 Timer 08:00
1 Play Today
% Correct
Dr. Evil
92.3%
Lots-O'Huggin' Bear
88.6%
Magneto
88.1%
Goldmember
87.1%
Mystique
87.1%
Fat Bastard
86.9%
Stinky Pete
84.5%
Scott Evil
81.8%
Edgar the Bug
78.5%
Sid Phillips
78%
Sabretooth
77.5%
Voyager 6 (V'Ger)
77.5%
Emperor Zurg
75.8%
Number 2
75.5%
Khan Noonien Singh
74.2%
% Correct
Boris the Animal
68%
William Stryker
65.1%
Rene Belloq
59.3%
Irina Spalko
58.4%
Arnold Toht
56.7%
Walter Donovan
50.7%
General Chang
50.6%
Serleena
48.2%
Tolian Soran
45.6%
Jarra
45.1%
Nero
45.1%
Mola Ram
44.5%
Bolivar Trask
44.4%
Al McWhiggin
41.6%
Scrad & Charlie
41.3%

You're not logged in!

Compare scores with friends on all Sporcle quizzes.
OR
Log In
Forgot?

From the Vault

Americas' Populous Cities

by Matt

Ever since these new worlds were 'discovered', it seems everyone wants to live here now.
Remove Ads.
Support Sporcle.
Get the best of Sporcle when you Go Orange. This ad-free experience offers more features, more stats, and more fun while also helping to support Sporcle. Thank you for becoming a member.

Show Comments

Extras

Top Quizzes Today


Score Distribution

Your Account Isn't Verified!

In order to create a playlist on Sporcle, you need to verify the email address you used during registration. Go to your Sporcle Settings to finish the process.

Report this User

Report this user for behavior that violates our Community Guidelines.

Details: